Statistics for Beatles songs by title rhyme

Click here to take the quiz!

General Stats

  • This quiz has been taken 20 times
  • The average score is 11 of 15

Answer Stats

LyricSong% Correct
Ma belleMichelle
100%
All my troubles seemed so far awayYesterday
95%
'Til we found a sea of greenYellow Submarine
89%
Sleep tightGood Night
84%
Though she was born a long long time agoYour Mother Should Know
84%
There will be a show tonightBeing for the Benefit of Mr. Kite!
79%
You ask me for a contributionRevolution
79%
I know what it's like to be deadShe Said She Said
79%
You don't know how lucky you areBack in the U.S.S.R.
74%
She's so good-looking but she looks like a manPolythene Pam
74%
Roll a stoneyDig a Pony
68%
After living aloneShe's Leaving Home
68%
Make your mother sighCry Baby Cry
63%
It's getting very near the endSgt. Pepper's Lonely Hearts Club Band (Reprise)
53%
You know I love youLove Me Do
32%

Score Distribution

Percentile by Number Answered

Percent of People with Each Score

Your Score History

You have not taken this quiz